[Event "Isola d'Elba op 26th"]
[Site "Isola d'Elba"]
[Date "2008.05.10"]
[Round "4"]
[White "Bini, Alessandro"]
[Black "Calisi, Elia"]
[Result "0-1"]
[WhiteElo "2007"]
[BlackElo "1874"]
[PlyCount "78"]
[EventDate "2008.05.10"]
[EventType "swiss"]
[EventRounds "9"]
[EventCountry "ITA"]
[SourceTitle "CBM 124 Extra"]
[Source "ChessBase"]
[SourceDate "2008.07.03"]
[SourceVersion "1"]
[SourceVersionDate "2008.07.03"]
[SourceQuality "1"]

1. c4 Nf6 2. Nc3 d5 3. cxd5 Nxd5 4. Qb3 e6 5. g3 Be7 6. Bg2 c6 7. e4 Nxc3 8. Qxc3 0-0 9. d4 Nd7 10. Ne2 Nb6 11. Be3 Bd7 12. 0-0 Be8 13. b3 g5 14. Rad1 f5 15. exf5 exf5 16. Bc1 Nd5 17. Bxd5+ cxd5 18. Qe3 Rc8 19. Rfe1 Rc6 20. Bd2 a6 21. Nc1 Bh5 22. f3 Bf6 23. Qd3 Qd7 24. Bb4 Rfc8 25. Ne2 Kg7 26. Rd2 Re8 27. Kf2 Rce6 28. Rc2 f4 29. gxf4 Bg6 30. f5 Bxf5 31. Qd2 Bxc2 32. Qxc2 Qb5 33. Ng3 Qxb4 34. Nh5+ Kf8 35. Rxe6 Rxe6 36. Kg2 Qe1 37. Qc5+ Be7 38. Qxd5 Re2+ 39. Kh3 Qh4# 0-1

[Event "Siena Magari Memorial 9th"]
[Site "Siena"]
[Date "2006.11.10"]
[Round "1"]
[White "Egli, Urs Martin"]
[Black "Calisi, Elia"]
[Result "1-0"]
[WhiteElo "2071"]
[BlackElo "1884"]
[PlyCount "59"]
[EventDate "2006.11.10"]
[EventType "swiss"]
[EventRounds "6"]
[EventCountry "ITA"]
[SourceTitle "EXT 2024"]
[Source "ChessBase"]
[SourceDate "2023.10.10"]
[SourceVersion "1"]
[SourceVersionDate "2023.10.10"]
[SourceQuality "1"]

1. e4 c6 2. d4 d5 3. e5 c5 4. dxc5 Nc6 5. Bb5 Qa5+ 6. Nc3 e6 7. Qd4 Nge7 8. b4 Qc7 9. Nf3 Ng6 10. Bb2 Bd7 11. Bxc6 bxc6 12. 0-0 Be7 13. Ne2 f6 14. Nf4 Nxf4 15. Qxf4 0-0 16. Qg3 Qb8 17. exf6 Bxf6 18. Ne5 Be8 19. a3 a5 20. Bc3 axb4 21. axb4 Rxa1 22. Rxa1 d4 23. Bxd4 Qxb4 24. c3 Qb2 25. Rf1 Qe2 26. Qf3 Qa2 27. Nxc6 Bh4 28. Qg4 Bxf2+ 29. Kh1 Bxd4 30. Ne7+ 1-0

[Event "Assisi op"]
[Site "Assisi"]
[Date "2003.12.21"]
[Round "2"]
[White "Calisi, Elia"]
[Black "Machi, Fabio"]
[Result "0-1"]
[WhiteElo "1714"]
[BlackElo "1951"]
[PlyCount "32"]
[EventDate "2003.12.20"]
[EventType "swiss"]
[EventRounds "6"]
[EventCountry "ITA"]
[SourceTitle "EXT 2005"]
[Source "ChessBase"]
[SourceDate "2004.11.15"]
[SourceVersion "1"]
[SourceVersionDate "2004.11.15"]
[SourceQuality "1"]

1. c4 c6 2. d4 d5 3. e3 Nf6 4. Nc3 e6 5. Nf3 Bd6 6. Bd3 Nbd7 7. 0-0 0-0 8. Qc2 h6 9. c5 Bc7 10. b4 e5 11. dxe5 Nxe5 12. Nxe5 Bxe5 13. f4 Bc7 14. e4 dxe4 15. Nxe4 Nxe4 16. Bxe4 Qd4+ 0-1

[Event "Crema op 05th"]
[Site "Crema"]
[Date "2003.09.07"]
[Round "5"]
[White "Leoni, Fabrizio"]
[Black "Calisi, Elia"]
[Result "1/2-1/2"]
[WhiteElo "2102"]
[BlackElo "1693"]
[PlyCount "102"]
[EventDate "2003.09.05"]
[EventType "swiss"]
[EventRounds "6"]
[EventCountry "ITA"]
[SourceTitle "EXT 2007"]
[Source "ChessBase"]
[SourceDate "2006.11.23"]
[SourceVersion "1"]
[SourceVersionDate "2006.11.23"]
[SourceQuality "1"]

1. d4 Nf6 2. c4 e6 3. Nc3 b6 4. Bg5 Ba6 5. e3 Be7 6. Nf3 c6 7. Bd3 d5 8. cxd5 Nxd5 9. Bxe7 Nxe7 10. Bxa6 Nxa6 11. Qa4 Qc7 12. Rc1 Qb7 13. Ne4 Rd8 14. Ne5 Nb8 15. 0-0 0-0 16. Rc2 Rd5 17. Qb3 h6 18. Rfc1 Rfd8 19. f3 Kf8 20. g4 f6 21. Nd3 e5 22. Nb4 R5d7 23. dxe5 fxe5 24. Rc3 c5 25. Nd3 Qd5 26. Ndxc5 bxc5 27. Nxc5 Qxb3 28. Nxd7+ Rxd7 29. Rxb3 Nbc6 30. Rc2 Kf7 31. a3 g5 32. Rbc3 Rd6 33. b4 a6 34. Kf2 Ke6 35. Kg3 Kf6 36. h4 Ke6 37. hxg5 hxg5 38. Rh2 Ng6 39. Rh6 Nce7 40. Rh3 Kf6 41. a4 Rb6 42. Rd3 Nf8 43. Rh6+ Neg6 44. b5 axb5 45. axb5 Kg7 46. Rh5 Ne6 47. Rd7+ Kf6 48. Rhh7 Nef8 49. Rhf7+ Ke6 50. Rb7 Rxb5 51. Rxb5 Kxf7 1/2-1/2

[Event "ITA-ch sf"]
[Site "San Martino di Castrozza"]
[Date "2003.06.28"]
[Round "8"]
[White "Calisi, Elia"]
[Black "Pechy, Alaster"]
[Result "0-1"]
[WhiteElo "1600"]
[BlackElo "2115"]
[PlyCount "128"]
[EventDate "2003.06.21"]
[EventType "swiss"]
[EventRounds "9"]
[EventCountry "ITA"]
[SourceTitle "EXT 2005"]
[Source "ChessBase"]
[SourceDate "2004.11.15"]
[SourceVersion "1"]
[SourceVersionDate "2004.11.15"]
[SourceQuality "1"]

1. c4 e5 2. Nc3 Nc6 3. g3 g6 4. Bg2 Bg7 5. e4 d6 6. Nge2 Nge7 7. a3 a5 8. d3 0-0 9. 0-0 f5 10. f4 Kh8 11. Rb1 Ng8 12. Qc2 Nce7 13. b4 axb4 14. axb4 c6 15. Bb2 Qb6+ 16. Kh1 Qxb4 17. Ba1 Qa5 18. Qb2 exf4 19. Rxf4 Nf6 20. exf5 Bxf5 21. Qxb7 Ra7 22. Qb2 Bxd3 23. Rbf1 Qe5 24. Qd2 Bxe2 25. Qxe2 Rxa1 26. Rxa1 Qxc3 27. Re1 Nf5 28. Qf2 h5 29. Bxc6 Bh6 30. Rf3 Qxc4 31. Bb7 Qb5 32. Be4 Nxe4 33. Rxe4 Re8 34. Rxe8+ Qxe8 35. h3 Qe4 36. Kh2 Bg7 37. Rf4 Qe5 38. Kh1 Qa5 39. Kh2 Qe5 40. Kh1 Bh6 41. Rf3 Bg7 42. g4 hxg4 43. hxg4 Nh6 44. Qg2 Qe1+ 45. Kh2 Qh4+ 46. Rh3 Be5+ 47. Kh1 Qe1+ 48. Qg1 Qxg1+ 49. Kxg1 Kg7 50. Kg2 Nxg4 51. Kf3 Nf6 52. Rh1 g5 53. Re1 Kg6 54. Re2 Kf5 55. Rf2 Bf4 56. Rg2 g4+ 57. Ke2 d5 58. Kd3 g3 59. Kd4 Kg5 60. Rg1 Kg4 61. Kd3 Kh3 62. Ke2 Kg4 63. Rf1 g2 64. Rf2 g1Q 0-1

[Event "ITA-ch sf"]
[Site "San Martino di Castrozza"]
[Date "2003.06.22"]
[Round "2"]
[White "Calisi, Elia"]
[Black "Sorcinelli, Francesco"]
[Result "0-1"]
[WhiteElo "1600"]
[BlackElo "1962"]
[PlyCount "70"]
[EventDate "2003.06.21"]
[EventType "swiss"]
[EventRounds "9"]
[EventCountry "ITA"]
[SourceTitle "EXT 2005"]
[Source "ChessBase"]
[SourceDate "2004.11.15"]
[SourceVersion "1"]
[SourceVersionDate "2004.11.15"]
[SourceQuality "1"]

1. c4 e5 2. Nc3 Nc6 3. g3 g6 4. Bg2 Bg7 5. e4 d6 6. Nge2 Nge7 7. 0-0 Be6 8. d3 Qd7 9. a3 0-0 10. b4 Rae8 11. Rb1 f5 12. exf5 gxf5 13. b5 Nd8 14. f4 c6 15. Be3 d5 16. cxd5 Nxd5 17. Nxd5 Bxd5 18. Bxd5+ Qxd5 19. bxc6 Nxc6 20. Rxb7 Nd4 21. Rb1 Nxe2+ 22. Qxe2 exf4 23. gxf4 Rxe3 24. Rb5 Qxb5 25. Qxe3 Re8 26. Qg3 Re6 27. Qf3 Bd4+ 28. Kh1 Rg6 29. Rc1 Bb6 30. Qa8+ Kg7 31. Qb7+ Kh6 32. Qf3 Qb2 33. Re1 Qd4 34. Qh3+ Kg7 35. Re7+ Kf8 0-1